[Event "13th Parsvnath Open"]
[Site "New Delhi IND"]
[Date "2015.01.13"]
[Round "7.42"]
[White "Varshini, V"]
[Black "Harsha, Bharathakoti"]
[Result "0-1"]
[WhiteTitle "WFM"]
[WhiteElo "2071"]
[BlackElo "2309"]
[WhiteFideId "5091241"]
[BlackFideId "5078776"]
[EventDate "2015.01.09"]

1. e4 e6 2. d4 d5 3. e5 c5 4. c3 Nc6 5. Nf3 Bd7 6. a3 Nge7 7. b4 cxd4 8. cxd4
Nf5 9. Bb2 b5 10. Bxb5 Nxe5 11. Bxd7+ Nxd7 12. Nbd2 a5 13. bxa5 Qxa5 14. O-O Bd6
15. Ne5 Qa4 16. Qxa4 Rxa4 17. Rfc1 Ke7 18. Nc6+ Kf6 19. Nb3 Rc8 20. Rc3 Nb6 21.
Nc5 Raa8 22. Ne5 Bxc5 23. Rxc5 Na4 24. Rb5 Nxb2 25. Rxb2 Rxa3 26. Rd1 Rc7 27. h3
Rac3 28. Rbd2 Rc1 29. Rxc1 Rxc1+ 30. Kh2 h5 31. Nf3 Nd6 32. g3 Nc4 33. Re2 Rd1
34. Kg2 Rb1 35. Ra2 g5 36. g4 h4 37. Re2 Rd1 38. Ra2 Rd3 39. Rc2 Rb3 40. Ng1 Rb4
41. Ne2 Rb3 42. Ng1 Nb2 43. Rd2 Nd3 44. Ne2 Ne1+ 45. Kf1 Rxh3 46. Ng1 Rh1 47. f3
Rxg1+ 0-1

[Event "13th Parsvnath Open"]
[Site "New Delhi IND"]
[Date "2015.01.13"]
[Round "7.43"]
[White "Murali Krishnan, B.T."]
[Black "Saranya, J"]
[Result "1-0"]
[WhiteTitle "IM"]
[BlackTitle "WFM"]
[WhiteElo "2283"]
[BlackElo "2111"]
[WhiteFideId "5004977"]
[BlackFideId "5031931"]
[EventDate "2015.01.09"]

1. d4 Nf6 2. c4 g6 3. Nc3 Bg7 4. e4 d6 5. f3 O-O 6. Be3 e5 7. Nge2 c6 8. Qd2
Nbd7 9. O-O-O a6 10. g4 b5 11. d5 Nb6 12. Ng3 b4 13. Nb1 cxd5 14. cxd5 Bd7 15.
Qxb4 Na4 16. Rd2 Rb8 17. Qa3 Bb5 18. Rc2 Qd7 19. Bxb5 axb5 20. b3 Nc5 21. Bxc5
dxc5 22. g5 b4 23. Qa6 Nh5 24. Nxh5 gxh5 25. Nd2 Rbc8 26. Kb1 Qh3 27. Qf1 Qd7
28. Qf2 Qe7 29. Rg1 Kh8 30. h4 f6 31. Nc4 f5 32. Qe2 fxe4 33. fxe4 Rf4 34. d6
Qe6 35. Rd2 Rd8 36. Qe3 Qg6 37. Re1 Rxh4 38. Rd5 Rg4 39. d7 Rxg5 40. Qxc5 Rg2
41. Qc7 Qg5 42. Nxe5 Bxe5 43. Rxe5 Rb2+ 44. Kxb2 Qd2+ 45. Qc2 Qd4+ 46. Kb1 Qxe5
47. Rd1 h6 48. Rd5 Qe6 49. Qd3 Kg8 50. Rd6 Qg4 51. Qd5+ Kh8 52. Qd4+ Kg8 53.
Qc4+ Kh7 54. Qf7+ Qg7 55. Qf5+ Kh8 56. e5 Qg1+ 57. Kc2 Qc5+ 58. Kd1 Qg1+ 59. Ke2
Qg2+ 60. Kd3 Qg7 61. Ke4 h4 62. Rg6 Qe7 63. Qf6+ 1-0

[Event "13th Parsvnath Open"]
[Site "New Delhi IND"]
[Date "2015.01.13"]
[Round "7.44"]
[White "Mehar, Chinna Reddy C.H."]
[Black "Srinath, Rao S.V."]
[Result "1/2-1/2"]
[WhiteElo "2281"]
[BlackElo "2095"]
[WhiteFideId "5027420"]
[BlackFideId "5028876"]
[EventDate "2015.01.09"]

1. e4 e6 2. d4 d5 3. Nc3 Nf6 4. e5 Nfd7 5. f4 c5 6. Nf3 Nc6 7. Be3 a6 8. Qd2 b5
9. dxc5 Bxc5 10. Bd3 O-O 11. Bxc5 Nxc5 12. Qf2 Nxd3+ 13. cxd3 f6 14. O-O fxe5
15. Qc5 Bb7 16. Nxe5 Rc8 17. Nxc6 Rxc6 18. Qd4 Qf6 19. Qxf6 gxf6 20. d4 Rc4 21.
Rae1 Bc8 22. f5 exf5 23. Rf4 Rd8 24. Re7 b4 25. Na4 Rd7 26. Re2 Kf7 27. Rh4 Kg6
28. Nc5 Rc7 29. b3 Rc1+ 30. Kf2 Kg5 31. g3 f4 32. Rxf4 Bh3 33. Re8 Rf1+ 34. Ke2
Rxf4 35. gxf4+ Kxf4 36. Nd3+ Kf5 37. Nxb4 Bg2 38. Ra8 1/2-1/2

[Event "13th Parsvnath Open"]
[Site "New Delhi IND"]
[Date "2015.01.13"]
[Round "7.45"]
[White "Aronyak, Ghosh"]
[Black "Sidhant, Mohapatra"]
[Result "0-1"]
[WhiteTitle "CM"]
[WhiteElo "2065"]
[BlackElo "2281"]
[WhiteFideId "25072846"]
[BlackFideId "5028698"]
[EventDate "2015.01.09"]

1. d4 d5 2. Bg5 h6 3. Bh4 c6 4. e3 Qb6 5. Qc1 Bf5 6. c4 Nd7 7. Nc3 e6 8. Nf3 Be7
9. Bxe7 Nxe7 10. Be2 O-O 11. O-O Rac8 12. b3 c5 13. Qa3 dxc4 14. bxc4 Nf6 15.
Rfc1 Rfd8 16. Qb3 Qc7 17. Nb5 Qa5 18. Rd1 a6 19. Na3 Be4 20. Rac1 Nc6 21. Ne5
cxd4 22. Nxc6 Bxc6 23. Rxd4 Rxd4 24. exd4 Qg5 0-1

[Event "13th Parsvnath Open"]
[Site "New Delhi IND"]
[Date "2015.01.13"]
[Round "7.46"]
[White "Prajesh, R"]
[Black "Andrenko, Irina"]
[Result "0-1"]
[BlackTitle "WIM"]
[WhiteElo "2058"]
[BlackElo "2228"]
[WhiteFideId "25044753"]
[BlackFideId "14118270"]
[EventDate "2015.01.09"]

1. d4 g6 2. c4 Nf6 3. Nc3 Bg7 4. e4 d6 5. Nf3 O-O 6. h3 e5 7. d5 a5 8. Bg5 Na6
9. Nd2 Qe8 10. Be2 Kh8 11. g4 Ng8 12. f3 f5 13. Be3 Qe7 14. Qc2 Bh6 15. Bf2 Nb4
16. Qb3 Nf6 17. Bg3 Nh5 18. gxh5 Bxd2+ 19. Kd1 Be3 20. a3 Na6 21. Nb5 f4 22. Be1
Nc5 23. Qc2 c6 24. Nc3 a4 25. hxg6 Rg8 26. Rb1 Rxg6 27. Bf1 Nb3 28. Qd3 Nc5 29.
Qc2 Qg7 30. Rh2 Nb3 31. Rg2 Bd7 32. Rxg6 Qxg6 33. Qh2 Rg8 34. Ne2 cxd5 35. cxd5
Bb5 36. Bc3 Bd3 37. Rc1 Bxe2+ 38. Qxe2 Nxc1 0-1

[Event "13th Parsvnath Open"]
[Site "New Delhi IND"]
[Date "2015.01.13"]
[Round "7.47"]
[White "Pranav, Shetty"]
[Black "Bhambure, Shantanu"]
[Result "0-1"]
[WhiteElo "2217"]
[BlackElo "2087"]
[WhiteFideId "5035058"]
[BlackFideId "5025931"]
[EventDate "2015.01.09"]

1. e4 c6 2. d4 d5 3. Nd2 dxe4 4. Nxe4 Bf5 5. Ng3 Bg6 6. h4 h6 7. Nf3 Nd7 8. h5
Bh7 9. Bd3 Bxd3 10. Qxd3 e6 11. Bd2 Qc7 12. O-O-O O-O-O 13. Ne4 Ngf6 14. g3 Nxe4
15. Qxe4 Bd6 16. c4 c5 17. Bc3 cxd4 18. Nxd4 a6 19. Kb1 Nf6 20. Qe2 Qc5 21. g4
Bf4 22. Nb3 Qc6 23. f3 Rhe8 24. Nd2 Bxd2 25. Bxd2 e5 26. Be3 e4 27. f4 Qe6 28.
g5 Qg4 29. Qxg4+ Nxg4 30. Bb6 Rxd1+ 31. Rxd1 f5 32. gxf6 Nxf6 33. Kc2 Nxh5 34.
Rd5 g6 35. f5 gxf5 36. Rxf5 Ng3 37. Rc5+ Kd7 38. Rc7+ Kd6 39. Rf7 e3 40. Bc7+
Ke6 41. Rf3 Nf5 42. Kd3 Re7 43. Bb6 Rd7+ 44. Ke2 Rd2+ 45. Ke1 Rxb2 46. Bxe3 Rxa2
47. Bf4 Rc2 48. Rb3 Rxc4 49. Rb6+ Kd5 50. Bb8 Re4+ 51. Kd2 Re7 52. Rf6 Ke4 53.
Kc3 h5 54. Kb4 h4 55. Ka5 h3 56. Kb6 Rh7 57. Bh2 Rh6 58. Rxh6 Nxh6 59. Kxb7 a5 0-1

[Event "13th Parsvnath Open"]
[Site "New Delhi IND"]
[Date "2015.01.13"]
[Round "7.48"]
[White "Gajwa, Ankit"]
[Black "Godbole, Atharva"]
[Result "1-0"]
[WhiteElo "2215"]
[BlackElo "2065"]
[WhiteFideId "5077834"]
[BlackFideId "5059550"]
[EventDate "2015.01.09"]

1. e4 e5 2. Nf3 Nc6 3. Bb5 a6 4. Ba4 Nf6 5. O-O Nxe4 6. d4 b5 7. Bb3 d5 8. dxe5
Be6 9. Nbd2 Bc5 10. Nxe4 dxe4 11. Ng5 Qxd1 12. Rxd1 Bxb3 13. axb3 O-O 14. Nxe4
Bb6 15. Bf4 Rfe8 16. Nc3 Rad8 17. Rxd8 Rxd8 18. Kf1 Nb4 19. Rc1 Bd4 20. Nd1 h6
21. Bg3 g5 22. h4 Nc6 23. hxg5 hxg5 24. e6 fxe6 25. Bxc7 Rd7 26. Bg3 Bg7 27. Nc3
Nb4 28. Ne4 Bxb2 29. Rb1 Bh8 30. c3 Na2 31. Ra1 Nxc3 32. Nxc3 Bxc3 33. Rxa6 Kf7
34. Rb6 b4 35. Bd6 Ra7 36. Bxb4 Bd4 37. Rc6 Ra1+ 38. Be1 Rb1 39. b4 Rb2 40. Rc7+
Kf6 41. Rc1 Ke5 42. Rd1 Kd5 43. Bd2 Kc4 44. Ke2 g4 45. Rc1+ Kd5 46. Rc8 Ke5 47.
Kd3 Rb3+ 48. Ke2 Rb2 49. f3 gxf3+ 50. gxf3 Kd5 51. Rc1 Ke5 52. Kd3 Rb3+ 53. Kc4
Rb2 54. Bh6 Kf5 55. Kxd4 Rxb4+ 56. Ke3 e5 57. Rc5 Rb7 58. Kf2 Ra7 59. Be3 Ra4
60. Kg3 Ke6 61. Bd2 Kd6 62. Rb5 Rc4 63. Rb4 Rc2 64. Be3 Re2 65. Re4 Ra2 66. Bg1
Kd5 67. Bh2 Ra8 68. Kh3 Rh8+ 69. Kg2 Rh5 70. Bg3 Rf5 71. Ra4 Rg5 72. f4 Rg4 73.
Ra5+ 1-0

[Event "13th Parsvnath Open"]
[Site "New Delhi IND"]
[Date "2015.01.13"]
[Round "7.49"]
[White "Harini, S."]
[Black "Harikrishnan.A.Ra"]
[Result "1/2-1/2"]
[WhiteElo "2046"]
[BlackElo "2200"]
[WhiteFideId "5024919"]
[BlackFideId "5081483"]
[EventDate "2015.01.09"]

1. e4 e6 2. d4 d5 3. Nc3 Nf6 4. e5 Nfd7 5. f4 c5 6. Nf3 Nc6 7. Be3 a6 8. Qd2 b5
9. a3 Bb7 10. Bd3 g5 11. fxg5 cxd4 12. Nxd4 Ncxe5 13. Be2 Bd6 14. O-O Qc7 15. g3
Ng6 16. Qe1 Nde5 17. Rd1 Rf8 18. Qf2 Qd7 19. Nb3 Qc7 20. Bb6 Qe7 21. Na5 Bc8 22.
b4 Rg8 23. Rd2 Bc7 24. Bc5 Qxg5 25. Rfd1 Nf4 26. Kh1 Nh5 27. Bxh5 Qxh5 28. Qf6
Bd8 29. Ne4 Rg6 30. Qh8+ Kd7 31. Qf8 Qf3+ 32. Kg1 Qxe4 33. Qd6+ Ke8 34. Qf8+ Kd7
35. Qd6+ Ke8 36. Qf8+ 1/2-1/2

[Event "13th Parsvnath Open"]
[Site "New Delhi IND"]
[Date "2015.01.13"]
[Round "7.50"]
[White "Surendran, N."]
[Black "Monnisha, GK"]
[Result "1-0"]
[BlackTitle "WFM"]
[WhiteElo "2197"]
[BlackElo "2055"]
[WhiteFideId "5021243"]
[BlackFideId "5009936"]
[EventDate "2015.01.09"]

1. d4 Nf6 2. Nf3 d5 3. c4 e6 4. Nc3 dxc4 5. e4 Bb4 6. Bxc4 Nxe4 7. O-O Nxc3 8.
bxc3 Be7 9. Ne5 O-O 10. Qg4 Nc6 11. Bh6 Bf6 12. Rae1 Ne7 13. Re3 c5 14. Rh3 Ng6
15. Qh5 gxh6 16. Qxh6 Bh4 17. Nxg6 fxg6 18. Rxh4 Rf7 19. dxc5 Bd7 20. Rd4 Qe7
21. Qe3 Re8 22. Re4 Rf5 23. Rd1 Bc8 24. Rd6 Qc7 25. Bxe6+ Bxe6 26. Rexe6 Ref8
27. Rxg6+ hxg6 28. Rxg6+ Qg7 29. Rxg7+ Kxg7 30. h4 Rc8 31. Qe7+ Rf7 32. Qe5+ Kg8
33. Qg5+ Kf8 34. h5 Rfc7 35. h6 1-0

[Event "13th Parsvnath Open"]
[Site "New Delhi IND"]
[Date "2015.01.13"]
[Round "7.51"]
[White "Tarini, Goyal"]
[Black "Pratyusha, Bodda"]
[Result "0-1"]
[WhiteTitle "WFM"]
[WhiteElo "1966"]
[BlackElo "2192"]
[WhiteFideId "5082749"]
[BlackFideId "5000629"]
[EventDate "2015.01.09"]

1. d4 d5 2. c4 c6 3. Nf3 Nf6 4. e3 Bg4 5. Nbd2 e6 6. Bd3 Nbd7 7. h3 Bh5 8. Qc2
Bg6 9. O-O Bd6 10. Re1 O-O 11. e4 dxe4 12. Nxe4 Nxe4 13. Bxe4 Nf6 14. Bxg6 hxg6
15. Bg5 Qa5 16. Ne5 Nh7 17. Bf4 Rad8 18. a3 g5 19. Bd2 Qc7 20. b4 Be7 21. Qb2
Rfe8 22. Rad1 Nf8 23. Nf3 f6 24. Bc3 b5 25. cxb5 cxb5 26. Nd2 Rc8 27. Ne4 Ng6
28. Nc5 Nf4 29. Qa2 Qc6 30. f3 Kf7 31. Bd2 Bxc5 32. dxc5 Nd5 33. a4 Re7 34. Ra1
Rh8 35. axb5 Qxb5 36. Qa6 Qb8 37. Qe2 Qc7 38. Ra6 Rhe8 39. f4 gxf4 40. Qh5+ Kg8
41. Qf3 Qd8 42. Rd6 Qb8 43. Rb1 Rb7 44. Bxf4 Rxb4 45. Rxb4 Qxb4 46. Rxd5 Qe1+
47. Kh2 exd5 48. c6 Qe6 49. c7 d4 50. Qd3 Qd7 51. Qc4+ Kh8 52. Bg3 g6 53. Qd3
Kg7 54. Kh1 a5 55. h4 a4 56. h5 gxh5 57. Bf4 Qg4 58. Bg3 h4 59. Bd6 h3 60. g3
Re3 61. Qf1 Re2 62. Bf4 Qe6 63. Qf3 Rc2 0-1

[Event "13th Parsvnath Open"]
[Site "New Delhi IND"]
[Date "2015.01.13"]
[Round "7.52"]
[White "Shashikant, Kutwal"]
[Black "Pradip, Tiwari"]
[Result "1-0"]
[WhiteElo "2189"]
[BlackElo "2030"]
[WhiteFideId "5006520"]
[BlackFideId "5045436"]
[EventDate "2015.01.09"]

1. e4 e5 2. Nf3 Nc6 3. Bb5 a6 4. Ba4 Nf6 5. O-O Be7 6. Re1 b5 7. Bb3 d6 8. c3
O-O 9. d4 Bg4 10. d5 Na5 11. Bc2 c5 12. dxc6 Nxc6 13. Nbd2 Qc7 14. h3 Bxf3 15.
Nxf3 Rac8 16. a3 Na5 17. Bg5 Nc4 18. Ra2 Rfd8 19. Qe2 h6 20. Bxf6 Bxf6 21. a4
Qa5 22. b3 Qxc3 23. bxc4 bxc4 24. Rb1 Rb8 25. Rxb8 Rxb8 26. Qd2 Qb4 27. Qxb4
Rxb4 28. Kf1 g6 29. Ke2 Kg7 30. Nd2 Bd8 31. Nb1 Ba5 32. Nc3 f5 33. Nd5 Rb8 34.
exf5 gxf5 35. Bxf5 Rb3 36. Bc2 Rb8 37. Ne3 Bc7 38. Nxc4 d5 39. Ne3 d4 40. Nf5+
Kf6 41. Nxh6 Kg5 42. Nf5 Rf8 43. Ra3 1-0

[Event "13th Parsvnath Open"]
[Site "New Delhi IND"]
[Date "2015.01.13"]
[Round "7.53"]
[White "Jyothilal, N."]
[Black "Dhar, Rajib"]
[Result "1-0"]
[WhiteElo "2009"]
[BlackElo "2151"]
[WhiteFideId "5002605"]
[BlackFideId "5015596"]
[EventDate "2015.01.09"]

1. d4 d5 2. Nf3 c6 3. c4 Nf6 4. Nc3 dxc4 5. a4 Bf5 6. Ne5 Nfd7 7. Nxc4 Qc7 8. g3
e5 9. dxe5 Nxe5 10. Bf4 Nbd7 11. Bg2 f6 12. O-O Be6 13. Nxe5 fxe5 14. Bg5 Bb4
15. Rc1 Nc5 16. Ne4 Nb3 17. Bh3 Bf7 18. Rc3 Nd4 19. Rd3 O-O 20. e3 Bd5 21. exd4
Bxe4 22. Qb3+ Kh8 23. Re3 Bf5 24. g4 exd4 25. Rg3 Bd6 26. gxf5 Bxg3 27. hxg3 c5
28. Qd3 Qf7 29. Bf4 Rad8 30. b3 Rfe8 31. Bg2 b6 32. Bf3 Qf6 33. Kg2 Rf8 34. Be4
Rde8 35. f3 Rc8 36. Rh1 Rfe8 37. Bd2 Kg8 38. g4 Qf7 39. Rc1 Red8 40. g5 Re8 41.
Bf4 a6 42. Kg3 Rf8 43. Rh1 Rce8 44. Rxh7 Qd7 45. f6 Rf7 46. Bg6 Ref8 47. Qc4 Qe8
48. Bxf7+ Rxf7 49. Rxg7+ Kh8 50. Qxf7 Qe1+ 51. Kg4 Qg1+ 52. Bg3 1-0

[Event "13th Parsvnath Open"]
[Site "New Delhi IND"]
[Date "2015.01.13"]
[Round "7.54"]
[White "Patil, Pratik"]
[Black "Neelash, Saha"]
[Result "1-0"]
[WhiteElo "2139"]
[BlackElo "2010"]
[WhiteFideId "5038758"]
[BlackFideId "5094160"]
[EventDate "2015.01.09"]

1. e4 e6 2. d4 d5 3. Nd2 c5 4. exd5 Qxd5 5. Ngf3 cxd4 6. Bc4 Qd6 7. O-O Nf6 8.
Nb3 Nc6 9. Nbxd4 Nxd4 10. Nxd4 a6 11. c3 Qc7 12. Qe2 Bd6 13. h3 O-O 14. a4 h6
15. a5 Bd7 16. Rd1 Rac8 17. Bb3 Rfe8 18. Qd3 e5 19. Qg6 Kh8 20. Bxf7 exd4 21.
Bxh6 Bf8 22. Bxg7+ Bxg7 23. Rxd4 Ng4 24. hxg4 Qc6 25. Rxd7 Qxg6 26. Bxg6 Re2 27.
Rad1 Bf6 28. Rxb7 Rf8 29. Bd3 Re5 30. Bxa6 Rxa5 31. Bc4 Bg7 32. g3 Rg5 33. Kg2
Bh6 34. Rd6 Bg7 35. f4 Ra5 36. Rdd7 Rc8 37. Bb3 Re8 38. Bc4 Ra1 39. Bd5 Be5 1-0

[Event "13th Parsvnath Open"]
[Site "New Delhi IND"]
[Date "2015.01.13"]
[Round "7.55"]
[White "Saurabh, Anand"]
[Black "Niraj, Saripalli"]
[Result "0-1"]
[WhiteElo "1892"]
[BlackElo "2121"]
[WhiteFideId "5094496"]
[BlackFideId "5045657"]
[EventDate "2015.01.09"]

1. e4 e5 2. Nf3 Nc6 3. Bb5 a6 4. Ba4 Nf6 5. O-O Nxe4 6. d4 b5 7. Bb3 d5 8. Nxe5
Nxe5 9. dxe5 Be6 10. Be3 Nc5 11. f4 Nxb3 12. axb3 g6 13. c3 c5 14. Nd2 Be7 15.
Qf3 Qc8 16. h3 h5 17. Bf2 O-O 18. Rfd1 Rd8 19. Nf1 Qd7 20. Ne3 d4 21. cxd4 cxd4
22. Nc2 Bd5 23. Qd3 Qb7 24. Nxd4 Bxg2 25. Qg3 Be4 26. f5 Kh7 27. f6 Bc5 28. Rac1
Qa7 29. Qg5 Rxd4 30. Re1 Rd1 31. Bxc5 Rxe1+ 32. Kf2 Rxc1 33. Bxa7 Rc2+ 34. Ke3
Rxa7 35. Kxe4 Rc6 36. Qe3 Rd7 37. Qe1 Rd8 38. h4 Re8 39. Qb4 Rxf6 40. Qa5 Rfe6
41. Kf3 Rxe5 42. Qxa6 Rf5+ 43. Kg3 Re3+ 44. Kg2 Rxb3 45. Qa2 Rb4 46. Kh3 Rg4 47.
Qb3 b4 48. Qe3 Rff4 49. b3 Rxh4+ 50. Kg2 Rhg4+ 51. Kh3 Rh4+ 52. Kg2 Rfg4+ 53.
Kf1 Rh1+ 54. Ke2 Rh2+ 55. Kf1 Rgg2 56. Qe7 Rf2+ 57. Kg1 Rhg2+ 58. Kh1 Rg4 59.
Qa7 0-1

[Event "13th Parsvnath Open"]
[Site "New Delhi IND"]
[Date "2015.01.13"]
[Round "7.56"]
[White "Mirzaad, S.wahabuddin"]
[Black "Safranska, Anda"]
[Result "0-1"]
[BlackTitle "WGM"]
[WhiteElo "2065"]
[BlackElo "2261"]
[WhiteFideId "11700785"]
[BlackFideId "11600209"]
[EventDate "2015.01.09"]

1. d4 g6 2. c4 Bg7 3. Nc3 d6 4. e4 Nc6 5. Be3 e5 6. d5 Nce7 7. Bd3 Nf6 8. f3 Nh5
9. Nge2 f5 10. Qd2 O-O 11. O-O-O Kh8 12. Kb1 Ng8 13. Bg5 Bf6 14. Bxf6+ Qxf6 15.
Rdf1 f4 16. Rc1 Qe7 17. Nb5 c6 18. dxc6 bxc6 19. Na3 Rb8 20. Qa5 c5 21. Rhd1 a6
22. Bc2 Ng7 23. Qd2 Rd8 24. Nc3 Ne6 25. Nd5 Qb7 26. Bd3 Ne7 27. Ka1 Nc6 28. Rb1
Ned4 29. Qf2 Be6 30. Qh4 Rf8 31. Qh6 Kg8 32. Qg5 Kg7 33. Qh4 Rf7 34. Qe1 Qc8 35.
Rd2 Qd8 36. Rdd1 Rfb7 37. Rdc1 h5 38. Qf2 Nb4 39. Rd1 Qa5 40. Qd2 Bd7 41. Nc3
Ba4 42. Nxa4 Qxa4 43. Qc3 Nxa2 44. Kxa2 Rb3 45. Qc1 Nc6 46. Rd2 Nb4+ 47. Ka1
Nxd3 48. Qc2 Nb4 49. Qc1 Re3 50. b3 Rxb3 51. Rxb3 Qxb3 52. Qb2 Qa4 53. Qc3 Rb6
54. g3 fxg3 55. hxg3 Kh7 56. f4 exf4 57. gxf4 Qe8 58. e5 dxe5 59. fxe5 Re6 60.
Re2 Nc6 61. Nc2 Rxe5 62. Rf2 Re4 63. Qb3 Qe5+ 64. Kb1 Qe7 65. Qb6 Nd4 66. Nxd4
Rxd4 67. Rc2 Rd1+ 68. Ka2 Qe5 69. Rb2 Qd4 70. Qe6 Rc1 71. Qf7+ Qg7 72. Qd5 Re1
73. Qxc5 Re6 74. Qd5 Qf6 75. c5 Kh6 76. Rc2 Rc6 77. Kb3 g5 78. Rf2 Qe6 79. Kc4
g4 80. Qxe6+ Rxe6 81. Kd5 Re8 82. c6 g3 83. Rf6+ Kg5 84. Rf7 h4 85. Kd6 h3 86.
Rg7+ 0-1

[Event "13th Parsvnath Open"]
[Site "New Delhi IND"]
[Date "2015.01.13"]
[Round "7.57"]
[White "Imocha, Laishram"]
[Black "Madhurima, Shekhar"]
[Result "0-1"]
[WhiteElo "2179"]
[BlackElo "2012"]
[WhiteFideId "5000351"]
[BlackFideId "5067910"]
[EventDate "2015.01.09"]

1. d4 d5 2. Nf3 Nf6 3. c4 c6 4. g3 Bf5 5. Nbd2 e6 6. Bg2 h6 7. O-O Nbd7 8. Nh4
Bh7 9. Nhf3 Ne4 10. cxd5 exd5 11. Nxe4 Bxe4 12. Bh3 Nf6 13. Ne5 Be7 14. Be3 O-O
15. Qd2 Re8 16. Rac1 a5 17. a3 Bf8 18. g4 Bh7 19. f3 Nd7 20. Bf4 Nb6 21. Rf2 f6
22. Nd3 Nc4 23. Qc3 a4 24. e4 b5 25. exd5 Qxd5 26. Rd1 c5 27. Bf1 cxd4 28. Qc1
Rac8 29. Nb4 Bxb4 30. axb4 Ne3 31. Qxe3 Rxe3 32. Bxe3 Qb3 0-1

[Event "13th Parsvnath Open"]
[Site "New Delhi IND"]
[Date "2015.01.13"]
[Round "7.58"]
[White "Abdul, Khaliq Wais"]
[Black "Tiwari, Arjun"]
[Result "0-1"]
[WhiteElo "2010"]
[BlackElo "2179"]
[WhiteFideId "11700467"]
[BlackFideId "5011337"]
[EventDate "2015.01.09"]

1. d4 Nf6 2. c4 g6 3. Nc3 Bg7 4. e4 d6 5. Bd3 O-O 6. Nge2 Nc6 7. f3 e5 8. d5 Nd4
9. Be3 Nd7 10. Qd2 c5 11. dxc6 bxc6 12. O-O Rb8 13. Rad1 Nc5 14. Bb1 Nce6 15. b3
f5 16. f4 Rb7 17. exf5 gxf5 18. fxe5 dxe5 19. Bh6 Rd7 20. Nxd4 Nxd4 21. Kh1 Nb5
22. Nd5 cxd5 23. cxb5 Bxh6 24. Qxh6 Rg7 25. a4 d4 26. Bd3 Kh8 27. Rf2 Bb7 28.
Kg1 Qd5 29. Qh3 Qxb3 30. Rb1 Qg8 31. Rc1 e4 32. Bc4 Bd5 33. Bf1 f4 34. Rcc2 f3 0-1

[Event "13th Parsvnath Open"]
[Site "New Delhi IND"]
[Date "2015.01.13"]
[Round "7.59"]
[White "Santu, Mondal"]
[Black "Sharang, Sanjeev Kapoor"]
[Result "1-0"]
[BlackTitle "CM"]
[WhiteElo "2178"]
[BlackElo "1999"]
[WhiteFideId "5025354"]
[BlackFideId "35028987"]
[EventDate "2015.01.09"]

1. d4 d5 2. Nf3 Nf6 3. c4 c6 4. g3 Bf5 5. Nc3 h6 6. Qb3 Qb6 7. c5 Qxb3 8. axb3
Na6 9. Bg2 Nd7 10. O-O e5 11. e3 Be7 12. Re1 e4 13. Nd2 Nb4 14. Ra4 a5 15. Rd1
O-O 16. h3 Rfb8 17. g4 Bg6 18. Nf1 Nd3 19. f3 exf3 20. Bxf3 Bg5 21. Be2 Nb4 22.
Bd2 b6 23. cxb6 Nxb6 24. Ra3 Nc2 25. Ra2 Nb4 26. Ra3 Nc8 27. Rc1 Nc2 28. Ra2 Nb4
29. Ra3 Be7 30. Na4 Bd3 31. Bxd3 Nxd3 32. Rc3 Nb4 33. Nc5 Nd6 34. Rc1 Nb5 35.
Ra4 Nc7 36. Nd7 Rd8 37. Ne5 c5 38. Bxb4 axb4 39. Nc6 Rxa4 40. bxa4 Re8 41. Nxe7+
Rxe7 42. Rxc5 Kf8 43. Kf2 Ke8 44. Ng3 g6 45. Ne2 Kd7 46. Nf4 1-0

[Event "13th Parsvnath Open"]
[Site "New Delhi IND"]
[Date "2015.01.13"]
[Round "7.60"]
[White "Iniyan, P"]
[Black "Negi, Virender Singh"]
[Result "1-0"]
[WhiteElo "2131"]
[BlackElo "1962"]
[WhiteFideId "25002767"]
[BlackFideId "5001978"]
[EventDate "2015.01.09"]

1. e4 c5 2. Nf3 d6 3. d4 cxd4 4. Nxd4 Nf6 5. Nc3 a6 6. f3 e5 7. Nb3 Be6 8. Be3
Be7 9. Qd2 O-O 10. O-O-O a5 11. Bb5 Na6 12. Kb1 Nc7 13. Bb6 Qb8 14. Be2 a4 15.
Nc1 a3 16. b3 Rc8 17. Bf2 d5 18. Bg3 d4 19. Nb5 Nxb5 20. Bxb5 Qc7 21. Bd3 Nh5
22. Ne2 Nxg3 23. hxg3 h6 24. Rh2 Bf8 25. Rdh1 Ra5 26. g4 f6 27. g3 Rc5 28. Rh4
Bc4 29. bxc4 Qb6+ 30. Kc1 Qb2+ 31. Kd1 Qxa2 32. c3 Qb3+ 33. Qc2 Qb6 34. Qa2 Ra8
35. Kc2 Qd8 36. Rb1 dxc3 37. Nxc3 Qd4 38. Rh2 Qe3 39. Rf1 Kh8 40. Rd2 b5 41. Nd5
Qg5 42. Rb1 bxc4 43. Bxc4 f5 44. Nb6 Rb8 45. exf5 Qe3 46. Nd5 Rxd5 47. Rxd5 Rc8
48. Rd2 Qxf3 49. Rc1 Bb4 50. Rd3 Qxg4 1-0

[Event "13th Parsvnath Open"]
[Site "New Delhi IND"]
[Date "2015.01.13"]
[Round "7.61"]
[White "Rakesh, Kumar Jena"]
[Black "Sumit, Grover"]
[Result "1/2-1/2"]
[WhiteTitle "FM"]
[WhiteElo "2123"]
[BlackElo "1952"]
[WhiteFideId "5084822"]
[BlackFideId "5020409"]
[EventDate "2015.01.09"]

1. e4 c6 2. Nc3 d5 3. Qe2 d4 4. Nd1 e5 5. Nf3 Bg4 6. h3 Bxf3 7. Qxf3 Nf6 8. Bc4
b5 9. Bb3 Nbd7 10. d3 Nc5 11. Qg3 Qd6 12. O-O Nh5 13. Qh2 a5 14. f4 Nxf4 15.
Bxf7+ Kxf7 16. g3 g5 17. gxf4 gxf4 18. Nf2 h5 19. h4 Be7 20. Kh1 Rag8 21. Bd2
Nb7 22. c3 Ke8 23. Rg1 dxc3 24. bxc3 Qf6 25. d4 Qxh4 26. Nd3 Rg3 27. Nxe5 1/2-1/2

[Event "13th Parsvnath Open"]
[Site "New Delhi IND"]
[Date "2015.01.13"]
[Round "7.62"]
[White "Joshi, Govind Ballabh"]
[Black "Priyanka, Nutakki"]
[Result "1-0"]
[WhiteElo "2100"]
[BlackElo "1946"]
[WhiteFideId "5000262"]
[BlackFideId "25049615"]
[EventDate "2015.01.09"]

1. e4 e6 2. d4 d5 3. Nd2 Nc6 4. c3 Nf6 5. e5 Nd7 6. f4 Be7 7. Ndf3 a6 8. Bd3 b5
9. Ne2 O-O 10. h4 f5 11. g4 Nb6 12. Ng3 Qe8 13. gxf5 exf5 14. h5 b4 15. Qc2 Qf7
16. Rg1 a5 17. Qg2 g6 18. hxg6 hxg6 19. Nxf5 Bxf5 20. Bxf5 Qxf5 21. Qxg6+ Qxg6
22. Rxg6+ Kh7 23. Rxc6 Rac8 24. Kf2 bxc3 25. bxc3 Rf5 26. Be3 Rh5 27. Rg1 Nc4
28. Bc1 Bd8 29. Rcg6 Bh4+ 30. Ke2 1-0

[Event "13th Parsvnath Open"]
[Site "New Delhi IND"]
[Date "2015.01.14"]
[Round "8.1"]
[White "Baryshpolets, Andrey"]
[Black "Popov, Ivan RUS"]
[Result "1/2-1/2"]
[WhiteTitle "GM"]
[BlackTitle "GM"]
[WhiteElo "2541"]
[BlackElo "2622"]
[WhiteFideId "14117207"]
[BlackFideId "4170350"]
[EventDate "2015.01.09"]

1. d4 d5 2. c4 c6 3. Nf3 Nf6 4. Qc2 dxc4 5. Qxc4 Bg4 6. Nc3 Nbd7 7. e4 Bxf3 8.
gxf3 e5 9. Be3 exd4 10. Bxd4 Bd6 11. O-O-O Qe7 12. Ne2 Bc5 13. Bc3 O-O-O 14. Nd4
Ne5 15. Qb3 Nh5 16. h4 Nf4 17. Nf5 Qc7 18. Nxg7 Rxd1+ 19. Qxd1 Rd8 20. Qc2 Nxf3
21. Nf5 Nd4 22. Bxd4 Bxd4 23. Bc4 Qe5 24. f3 Rg8 25. Qe2 Rd8 26. Kb1 1/2-1/2